| 000 | 01474nam0a2200313 4500 | ||
|---|---|---|---|
| 001 | RU\NLR\bibl\544842 | ||
| 005 | 20260408070146.0 | ||
| 021 |
_aRU _b2004-40034 _91990 |
||
| 035 | _a(NLR Aleph) 000537065 | ||
| 090 |
_a1389415 _c1389415 |
||
| 100 | _a20040813d2004 |||y0rusy50 ca | ||
| 101 | 0 | _arus | |
| 102 | _aRU | ||
| 105 | _ay ||||||||| | ||
| 200 | 1 |
_aПроблемы воспитания патриотизма _e[Сб. ст.] _fДеп. образования Волог. обл., Волог. ин-т развития образования _g[Науч. ред. И.Д. Лушников, д.п.н., проф., засл. работник высш. шк. РФ] |
|
| 210 |
_aВологда _cВИРО _d2004 |
||
| 215 |
_a98, [1] с. _d20 |
||
| 320 | _aБиблиогр. в конце ст. | ||
| 606 | 0 |
_aВоспитание патриотизма _jСборники _yРоссийская Федерация _92226923 _3RU\NLR\auth\661336828 |
|
| 606 | 0 |
_aПатриотическое воспитание _jСборники _yРоссийская Федерация _92336280 _3RU\NLR\auth\661396762 |
|
| 686 | _aЦ4,6(2Р)91я43 | ||
| 702 | 1 |
_aЛушников _bИ. Д. _4340 |
|
| 712 | 0 | 2 |
_4570 _aВологодский институт развития образования _3RU\NLR\AUTH\8810042816 _9585088 |
| 801 | 0 |
_aRU _bNLR _c20040813 _gPSBO |
|
| 801 | 1 |
_aRU _bNLR _c20040813 |
|
| 942 | _cBOOK | ||
| 980 | _aNB | ||